000
00281nam a22001337a 4500
008
170309b xxu||||| |||| 00| 0 eng d
020
_a
9780321548931
041
_a
eng
080
_a
611
100
_a
6
101
_a
SHM
245
_a
PHYSIO EX 8.0 FOR A&P
_c
ZAO
942
_2
udc
_c
BK
999
_c
7312
_d
7312